<?xml version="1.0" encoding="UTF-8"?>
<collection xmlns="http://www.loc.gov/MARC21/slim">
 <record>
  <leader>00870nam a22001931  4500</leader>
  <controlfield tag="001">1/15125</controlfield>
  <controlfield tag="008">990316s1978    fr a          10000deng d</controlfield>
  <datafield tag="035" ind1=" " ind2=" ">
   <subfield code="l">15618</subfield>
  </datafield>
  <datafield tag="040" ind1=" " ind2=" ">
   <subfield code="a">DLC</subfield>
   <subfield code="b">GR-PeUP</subfield>
  </datafield>
  <datafield tag="082" ind1="0" ind2="0">
   <subfield code="a">623.87'28'028 SY</subfield>
  </datafield>
  <datafield tag="110" ind1="2" ind2=" ">
   <subfield code="a">Organisation for Economic Co-operation and Development</subfield>
   <subfield code="b">Nuclear Energy Agency.</subfield>
  </datafield>
  <datafield tag="245" ind1="1" ind2="0">
   <subfield code="a">Symposium on the safety of nuclear ships , Hampurg, 5-9 Dec. 1977:</subfield>
   <subfield code="b">proceedings/</subfield>
   <subfield code="c">Symposium organised by the OECD Nuclear Energy Agency in collaboration with the International Atomic Energy Agency.</subfield>
  </datafield>
  <datafield tag="260" ind1=" " ind2=" ">
   <subfield code="a">Paris</subfield>
   <subfield code="b">OECD</subfield>
   <subfield code="c">1978</subfield>
  </datafield>
  <datafield tag="300" ind1=" " ind2=" ">
   <subfield code="a">859 p.:</subfield>
   <subfield code="b">ill;24cm</subfield>
  </datafield>
  <datafield tag="500" ind1=" " ind2=" ">
   <subfield code="a">English or French</subfield>
  </datafield>
  <datafield tag="504" ind1=" " ind2=" ">
   <subfield code="a">Includes bibliographical references</subfield>
  </datafield>
  <datafield tag="650" ind1=" " ind2="4">
   <subfield code="a">Marine nuclear reactor plants</subfield>
   <subfield code="x">Safety measures</subfield>
   <subfield code="x">Congresses.</subfield>
  </datafield>
  <datafield tag="710" ind1="2" ind2="0">
   <subfield code="a">International Atomic Energy Agency.</subfield>
  </datafield>
  <datafield tag="852" ind1=" " ind2=" ">
   <subfield code="a">INST</subfield>
   <subfield code="b">UNIPILB</subfield>
   <subfield code="c">MAIN</subfield>
   <subfield code="e">20040709</subfield>
   <subfield code="h">623.87'28'028 SY</subfield>
   <subfield code="p">00131626</subfield>
   <subfield code="q">00131626</subfield>
   <subfield code="t">LOAN</subfield>
   <subfield code="y">0</subfield>
   <subfield code="4">1</subfield>
  </datafield>
 </record>
</collection>
